The book of the horse

Bibliographic Details
Format: Book
Published: London : Grange Books , 1992

MARC

LEADER 00000cam a2200000 7i4500
001 0000086984
005 20211108.0
008 211108
020 |a 185627134X 
020 |a 9781856271349 
090 0 0 |a 798.23   |b BOO 
245 0 4 |a The book of the horse   |c with a foreword by Licinda Prior-Palmer 
260 |a London :   |b Grange Books ,   |c 1992 
300 |a 208pg 
500 |a Includes index 
999 |a 0000794609   |b Book   |c REFERENCE   |e Cawangan Segamat